| Tag |
First Indicator |
Second Indicator |
Subfields |
| LEADER |
00000cam a2200000 a 4500 |
| 001 |
in00000103434 |
| 005 |
20150929180411.0 |
| 008 |
820308s1981 couab b 00110beng |
| 010 |
|
|
|a 81081580
|
| 020 |
|
|
|a 0933472544 (pbk.) :
|c $7.95
|
| 035 |
|
|
|a (OCoLC)07913541
|
| 035 |
|
|
|9 AAN2655AM
|
| 039 |
0 |
|
|a 2
|b 3
|c 3
|d 3
|e 3
|
| 040 |
|
|
|a DLC
|c DLC
|d TXA
|d UtOrBLW
|
| 043 |
|
|
|a n-us-nb
|a n-us-sd
|
| 049 |
|
|
|a TXAM
|c [1117235]
|
| 050 |
0 |
0 |
|a E99 O3
|b C724
|
| 082 |
0 |
|
|a 973.8/3/0924
|a B
|2 19
|
| 100 |
1 |
|
|a Kadlecek, Edward.
|
| 245 |
1 |
0 |
|a To kill an eagle :
|b Indian views on the death of Crazy Horse /
|c Edward Kadlecek and Mabell Kadlecek ; [maps, Llyn French].
|
| 264 |
|
1 |
|a Boulder :
|b Johnson Books,
|c [1981]
|
| 264 |
|
4 |
|c ©1981
|
| 300 |
|
|
|a 170 pages :
|b illustrations, maps ;
|c 23 cm.
|
| 336 |
|
|
|a text
|b txt
|2 rdacontent
|
| 337 |
|
|
|a unmediated
|b n
|2 rdamedia
|
| 338 |
|
|
|a volume
|b nc
|2 rdacarrier
|
| 504 |
|
|
|a Includes bibliographical references and index.
|
| 600 |
0 |
0 |
|a Crazy Horse,
|d approximately 1842-1877.
|
| 650 |
|
0 |
|a Oglala Indians
|v Biography.
|
| 650 |
|
0 |
|a Lakota Indians
|x History.
|
| 700 |
1 |
|
|a Kadlecek, Mabell.
|
| 999 |
|
|
|a MARS
|
| 999 |
f |
f |
|s 55d1bb38-416d-300a-a6ed-039caf311424
|i 6b7b923c-ec82-36d2-8fcc-0fb9f94f6cd9
|t 0
|
| 952 |
f |
f |
|p normal
|a Texas A&M University
|b College Station
|c Sterling C. Evans Library
|d Evans: Library Stacks
|t 0
|e E99 O3 C724
|h Library of Congress classification
|i unmediated -- volume
|m A14806279662
|
| 998 |
f |
f |
|a E99 O3 C724
|t 0
|l Evans: Library Stacks
|